000 00301nam a2200121 4500
005 20260530113908.0
245 1 0 _aTaller Creativo / CarpinterĂ­a
264 1 _bEditora Cinco
_c2007
300 _a50 páginas
336 _atexto
_2rdacontent
337 _asin medio
_2rdamedia
338 _avolumen
_2rdacarrier
999 _c12045
_d12045